Etiqueta de registo: 00254nam 2200025 450
001 2141729
003 http://id.bnportugal.gov.pt/bib/catbnp/2141729
010 ## $a978-989-571-103-1
021 ## $aPT$b517248/23
100 ## $a20230829d2023 m y0pory01030103ba
101 1# $apor$cspa
102 ## $aPT
105 ## $ay z 000ad
106 ## $ar
200 1# $aJosef Estaline, o terror soviético$fAndrea Maria Brunetti$gperfil psicológico por Vicente Garrido$gtrad. Jorge Garcia
210 #9 $a[S.l.]$cAtlântico Press,$dD.L. 2023
215 ## $a144 p.$d21 cm
225 2# $aRostos do mal
675 ## $a821.131.1-312.6"20"$vBN$zpor$31496667
675 ## $a929Estaline(0:82-31)$vBN$zpor$31894582
700 #1 $aBrunetti,$bAndrea Maria$31891827
702 #1 $aGarrido,$bVicente,$f1958-$4205$31314385
702 #1 $aGarcia,$bJorge Filuzeau$4730$31032672
801 #0 $aPT$bBN$gRPC
856 41 $uhttp://rnod.bnportugal.gov.pt/ImagesBN/winlibimg.aspx?skey=&doc=2141729&img=184210&save=true
900 ## $aBIBNAC$d20231003
966 ## $lBN$mFGMON$sL. 167376 V.$x1
966 ## $lBN$mFGMON$sL. 167376 V.-D$x1
971 ## $ccsilva$d20230829
972 ## $e2$z0$d20231003$vasantos
973 ## $caalmeid$d20230927
975 ## $e0$d20231012$visabelm
Etiqueta de registo: 00000nam 2200025 450
001 2284992
003 http://id.bnportugal.gov.pt/bib/catbnp/2284992
010 ## $a978-989-571-587-9
021 ## $aPT$b552033/25
100 ## $a20260422d2025 m y0pory01030103ba
101 1# $apor
102 ## $aPT
105 ## $aa z 000yd
106 ## $ar
200 1# $aHermann Göring$e o homem de ferro$ftextos Andrea Brunetti
210 #9 $a[S.l.]$cAtlântico Press,$dcop. 2025
215 ## $a139 p.$cil.$d21 cm
225 2# $aProtagonistas da segunda guerra mundial$v19
675 ## $a355.48(100)"1939/1945"$vBN$zpor$3486605
675 ## $a32Göring, Hermann$vBN$zpor$31999723
700 #1 $aBrunetti,$bAndrea Maria$31891827
801 #0 $aPT$bBN$gRPC
856 41 $uhttp://rnod.bnportugal.gov.pt/ImagesBN/winlibimg.aspx?skey=&doc=2284992&img=223663&save=true
966 ## $lBN$mFGMON$sS.C. 169373 V.$x1
966 ## $lBN$mFGMON$sS.C. 169373 V.-D$x1
971 ## $corlando$d20260422
973 ## $ctrodrigues$d20260529
974 ## $e0$d20260623$vrsimoes